| 000 | 00754nam a2200205 4500 | ||
|---|---|---|---|
| 005 | 20250502102906.0 | ||
| 010 | _aENG-144543 | ||
| 020 |
_a9788192352015 _c1195.00 |
||
| 035 | _aEN-128075 | ||
| 037 | _bDBAD | ||
| 082 | _a025.527 | ||
| 245 |
_aIct Application in Library & Information Centers: _bIssues and challenges/ _cEdited By Kishor Chandra Satpathy {and] R.Ramachandran |
||
| 250 | _a1st | ||
| 260 |
_aJaipur _bS.K.Jain and Sons _c2012 |
||
| 270 |
_a721, Khanajchi Sadan, Bordi ka Rasta ,Kishanpole Bazar _bJaipur _e302003 _k0141-2329455,9414054081 |
||
| 300 |
_axv,263p. _c23cm(hbk) |
||
| 700 |
_aSatpathy, Kishor Chandra _eEditor _980984 |
||
| 700 |
_aRamachandran, R _eEditor _980985 |
||
| 942 |
_2ddc _cEN _mSAT _h025.527 _e1st |
||
| 999 |
_c210902 _d210902 |
||